|
|
|
|
| LEADER |
01847nam a2200421 i 4500 |
| 001 |
38666 |
| 003 |
BD-DhAAL |
| 005 |
20220825160024.0 |
| 008 |
150816s2015 bg b 001 0 eng |
| 999 |
|
|
|c 44291
|d 44291
|
| 010 |
|
|
|a 2015357048
|
| 020 |
|
|
|a 9789845061605
|
| 025 |
|
|
|a B-E-2015357048
|
| 035 |
|
|
|a (MFDhaka) 2015357048
|
| 037 |
|
|
|b Library of Congress -- New Delhi Overseas Office
|
| 040 |
|
|
|a DLC
|b eng
|e rda
|c DLC
|d DLC
|d DLC
|d BD-DhAAL
|
| 042 |
|
|
|a lcode
|
| 043 |
|
|
|a a-bg---
|
| 050 |
0 |
0 |
|a HC440.8.Z9
|b P633346 2015
|
| 082 |
|
|
|a 309.263095492
|
| 100 |
1 |
|
|a Osmani, Siddiqur Rahman,
|e author.
|9 48832
|
| 245 |
1 |
0 |
|a Poverty and vulnerability in rural Bangladesh /
|c S.R.Osmani with Meherun Ahmed, Muhammad A. Latif, Binayak Sen.
|
| 264 |
|
1 |
|a Dhaka :
|b University Press Limited :
|b Institute of Microfinance,
|c 2015.
|
| 300 |
|
|
|a xvi, 236 pages ;
|c 24 cm
|
| 504 |
|
|
|a Includes bibliographical references (pages 225-230) and index.
|
| 526 |
|
|
|a GenEd
|
| 541 |
|
|
|a Donated By Akbar Ali Khan, Book Finder International
|e 38666, 39461
|
| 650 |
|
0 |
|a Rural development
|z Bangladesh.
|9 48837
|
| 650 |
|
0 |
|a Rural poor
|z Bangladesh.
|9 48838
|
| 650 |
|
0 |
|a Income distribution
|z Bangladesh.
|9 48834
|
| 650 |
|
0 |
|a Banks.
|9 48839
|
| 650 |
|
0 |
|a Economics.
|9 48840
|
| 651 |
|
0 |
|a Bangladesh
|x Rural conditions.
|9 48835
|
| 710 |
2 |
|
|a Institute of Microfinance (Bangladesh).
|9 48836
|
| 852 |
|
|
|a Ayesha Abed Library
|c Akbar Ali Khan Collection
|
| 942 |
|
|
|2 ddc
|c BK
|
| 952 |
|
|
|0 0
|1 0
|2 ddc
|4 0
|6 309_263095492000000_OSM
|7 1
|9 70768
|a BRACUL
|b BRACUL
|c CS1
|d 2022-06-02
|e Donated by Akbar Ali Khan
|l 0
|o 309.263095492 OSM
|p 3010038666
|r 2022-06-02
|t 1
|w 2022-06-02
|y BK
|
| 952 |
|
|
|0 0
|1 0
|2 ddc
|4 0
|6 309_263095492000000_OSM
|7 0
|9 71511
|a SCL
|b SCL
|c GEN
|d 2022-08-03
|e Book Finder International
|g 683.77
|l 0
|o 309.263095492 OSM
|p 3020039461
|r 2022-08-03
|t 2
|v 0.00
|w 2022-08-03
|y BK
|